Statistics for General Knowledge Pictures Quiz

Click here to take the quiz!

General Stats

  • This quiz has been taken 122 times
  • The average score is 11 of 19

Answer Stats

Answer% Correct
Charlie Chaplin
94%
Koala
94%
Rome
93%
Loch Ness
87%
Trombone
82%
Helen of Troy
72%
Halley's Comet
71%
Niagara Falls
71%
Ampersand
62%
Swallow
51%
Johann S. Bach
49%
Walking Stick
42%
Musk Ox
41%
Matterhorn
40%
Liverpool
37%
Yuri Gagarin
34%
Hokkaido
16%
Golden Temple
15%
Awl
8%

Score Distribution

Percentile by Number Answered

Percent of People with Each Score

Your Score History

You have not taken this quiz